000
00284nam a22001337a 4500
008
170504b xxu||||| |||| 00| 0 eng d
020
_a
9780199737543
041
_a
eng
080
_a
34
100
_a
13
101
_a
SHJ
245
_a
ACCCES POINTS
_c
EHRLICH.S.D
942
_2
udc
_c
BK
999
_c
12629
_d
12629